| 000 | 00916cad a22002055a 4500 | ||
|---|---|---|---|
| 001 | E147074 | ||
| 008 | 090327e20090324xxk 000 0 eng d | ||
| 035 | _a(Sirsi) u147074 | ||
| 041 | 0 | _aeng | |
| 110 | 2 |
_aRoyal Institution of Chartered Surveyors _bValuation Professional Group _95719 |
|
| 245 | 0 | 0 |
_aInterim guidance _bapportionments for SDLT and goodwill purposes in trade related properties _h[electronic resource] |
| 260 | _c2009 | ||
| 490 |
_aRICS Feature _v24 March 2009 |
||
| 520 | _aSets out how a valuer or agent should respond when contacted by the VOA seeking to clear cases under enquiry, as proposed in its recent "Overview" document. | ||
| 590 | _aKA | ||
| 651 | 4 |
_aUnited Kingdom _y |
|
| 690 | _aPROPERTY-PROPERTY APPRAISAL AND VALUATION | ||
| 856 | 4 | 0 |
_uhttps://www.rics.org/site/scripts/news_article.aspx?newsID=740&categoryID=197 _zView the article free of charge at www.rics.org... |
| 942 | _n0 | ||
| 999 |
_c81376 _d81376 |
||